Basic & clinical pharmacology / (Record no. 1787)

000 -LEADER
fixed length control field 03424cam a2200817 a 4500
003 - CONTROL NUMBER IDENTIFIER
control field OSt
005 - DATE AND TIME OF LATEST TRANSACTION
control field 20210630080011.0
008 - FIXED-LENGTH DATA ELEMENTS--GENERAL INFORMATION
fixed length control field 090615s2009 nyua b 001 0 eng
020 ## - INTERNATIONAL STANDARD BOOK NUMBER
International Standard Book Number 9780071604055
020 ## - INTERNATIONAL STANDARD BOOK NUMBER
International Standard Book Number 0071604057
020 ## - INTERNATIONAL STANDARD BOOK NUMBER
International Standard Book Number 0071451536
020 ## - INTERNATIONAL STANDARD BOOK NUMBER
International Standard Book Number 9780071451536
020 ## - INTERNATIONAL STANDARD BOOK NUMBER
International Standard Book Number 9780071271189
020 ## - INTERNATIONAL STANDARD BOOK NUMBER
International Standard Book Number 007127118X
020 ## - INTERNATIONAL STANDARD BOOK NUMBER
International Standard Book Number 0071604065
020 ## - INTERNATIONAL STANDARD BOOK NUMBER
International Standard Book Number 9780071604062
040 ## - CATALOGING SOURCE
Transcribing agency UKM
042 ## - AUTHENTICATION CODE
Authentication code pcc
050 #4 - LIBRARY OF CONGRESS CALL NUMBER
Classification number RM300
Item number .B37 2009
060 00 - NATIONAL LIBRARY OF MEDICINE CALL NUMBER
Classification number QV 4
Item number B311 2009
080 ## - UNIVERSAL DECIMAL CLASSIFICATION NUMBER
Universal Decimal Classification number 615.2 KAT
084 ## - OTHER CLASSIFICATION NUMBER
Classification number MED 900f
Number source stub
084 ## - OTHER CLASSIFICATION NUMBER
Classification number VT 5010
Number source rvk
084 ## - OTHER CLASSIFICATION NUMBER
Classification number XI 1200
Number source rvk
084 ## - OTHER CLASSIFICATION NUMBER
Classification number V2
Assigning agency UkBrU-I
Number source cmedlit
245 00 - TITLE STATEMENT
Title Basic & clinical pharmacology /
Statement of responsibility, etc. edited by Bertram G. Katzung ; associate editors, Susan B. Masters, Anthony J. Trevor.
250 ## - EDITION STATEMENT
Edition statement 11th ed.
260 ## - PUBLICATION, DISTRIBUTION, ETC.
Place of publication, distribution, etc. New York :
Name of publisher, distributor, etc. McGraw-Hill Medical ;
Place of publication, distribution, etc. London :
Name of publisher, distributor, etc. McGraw-Hill [distributor],
Date of publication, distribution, etc. �2009.
300 ## - PHYSICAL DESCRIPTION
Extent xiii, 1218 pages :
Other physical details illustrations (some color) ;
Dimensions 28 cm
336 ## - CONTENT TYPE
Content type term text
Content type code txt
Source rdacontent
337 ## - MEDIA TYPE
Media type term unmediated
Media type code n
Source rdamedia
338 ## - CARRIER TYPE
Carrier type term volume
Carrier type code nc
Source rdacarrier
500 ## - GENERAL NOTE
General note Previous edition: 2007.
500 ## - GENERAL NOTE
General note "A Lange medical book."
504 ## - BIBLIOGRAPHY, ETC. NOTE
Bibliography, etc. note Includes bibliographical references and index.
650 #0 - SUBJECT ADDED ENTRY--TOPICAL TERM
Topical term or geographic name entry element Clinical pharmacology.
650 #0 - SUBJECT ADDED ENTRY--TOPICAL TERM
Topical term or geographic name entry element Pharmacology.
650 #2 - SUBJECT ADDED ENTRY--TOPICAL TERM
Topical term or geographic name entry element Pharmacology, Clinical.
650 #6 - SUBJECT ADDED ENTRY--TOPICAL TERM
Topical term or geographic name entry element Pharmacologie.
650 #6 - SUBJECT ADDED ENTRY--TOPICAL TERM
Topical term or geographic name entry element Pharmacologie clinique.
650 #7 - SUBJECT ADDED ENTRY--TOPICAL TERM
Topical term or geographic name entry element Clinical pharmacology.
Source of heading or term fast
Authority record control number or standard number (OCoLC)fst00864398
650 #7 - SUBJECT ADDED ENTRY--TOPICAL TERM
Topical term or geographic name entry element Pharmacology.
Source of heading or term fast
Authority record control number or standard number (OCoLC)fst01060259
650 #7 - SUBJECT ADDED ENTRY--TOPICAL TERM
Topical term or geographic name entry element Pharmakologie
Source of heading or term gnd
650 #7 - SUBJECT ADDED ENTRY--TOPICAL TERM
Topical term or geographic name entry element Farmacologia.
Source of heading or term larpcal
650 #7 - SUBJECT ADDED ENTRY--TOPICAL TERM
Topical term or geographic name entry element Farmacologia cl�inica.
Source of heading or term larpcal
650 #7 - SUBJECT ADDED ENTRY--TOPICAL TERM
Topical term or geographic name entry element Farmacologia m�edica.
Source of heading or term larpcal
650 #7 - SUBJECT ADDED ENTRY--TOPICAL TERM
Topical term or geographic name entry element Drogaterapia.
Source of heading or term larpcal
650 07 - SUBJECT ADDED ENTRY--TOPICAL TERM
Topical term or geographic name entry element Physical fitness.
Source of heading or term nasat
650 #7 - SUBJECT ADDED ENTRY--TOPICAL TERM
Topical term or geographic name entry element Pharmacology.
Source of heading or term sears
700 1# - ADDED ENTRY--PERSONAL NAME
Personal name Katzung, Bertram G.
700 1# - ADDED ENTRY--PERSONAL NAME
Personal name Masters, Susan B.
700 1# - ADDED ENTRY--PERSONAL NAME
Personal name Trevor, Anthony J.
910 ## - USER-OPTION DATA (OCLC)
User-option data UclaCollMgr MonosBKS20072011 20210414
910 ## - USER-OPTION DATA (OCLC)
User-option data iw 110808
910 ## - USER-OPTION DATA (OCLC)
User-option data MARS
942 ## - ADDED ENTRY ELEMENTS (KOHA)
Source of classification or shelving scheme
Koha item type Book
Suppress in OPAC SO
948 ## - LOCAL PROCESSING INFORMATION (OCLC); SERIES PART DESIGNATOR (RLIN)
Series part designator, SPT (RLIN) cmc
b (OCLC) iw
c (OCLC) 20110808
d (OCLC) 2
949 ## - LOCAL PROCESSING INFORMATION (OCLC)
a 6732700
Holdings
Withdrawn status Lost status Source of classification or shelving scheme Damaged status Not for loan Permanent Location Current Location Shelving location Date acquired Total Checkouts Full call number Barcode Date last seen Date last checked out Price effective from Koha item type Public note
          AU LIBRARY AU LIBRARY Open Shelf 30.06.2021 3 RM300 .B37 2009 28001383 13.02.2024 29.01.2024 30.06.2021 Book SO

Powered by Koha